000 00718nam a22002177a 4500
005 20251108165830.0
008 250721s9999 xx 000 0 ara d
082 1 4 _aط/923.5/كما
100 1 _aكمال، محمد
245 1 0 _aقتيبة بن مسلم /
264 1 _aحلب :
_bدار ربيع،
_c[19-].
300 _a16 ص.
490 0 _aشمس الهدى و الإيمان : أعلام الفتح الإسلامي
_v14
650 1 7 _aالسيرة النبوية
650 1 7 _aالصحابة و التابعون
653 _aأطفال مرحلة متوسطة (6-9 سنوات)
653 _aقتيبة بن مسلم
700 1 _aحاضري، بدر الدين
942 _2ddc
_cBK
999 _c32444
_d32444